LEADER 01105nam0 2200301 450 001 000017077 005 20081210160119.0 010 $a0124277500 100 $a20081007d1977----km-y0itay50------ba 101 0 $aeng 102 $aUS 105 $aa-------101yy 200 1 $aHigh speed computer and algorithm organization$fedited by David J. Kuck, Duncan H. Lawrie, Ahmed H. Sameh 210 $aNew York$cAcademic Press$d1977 215 $axii, 468 p.$cill.$d24 cm 300 $aSul verso dell'occhietto: Proceedings of the symposium on High Speed Computer and Algorithm Organization, held at the university of Illinois, April 13-15, 1977 500 10$aHigh speed computer and algorithm organization$956184 610 1 $aAlgoritmi$aCongressi 610 1 $aCalcolatori elettronici 676 $a004$v19 702 1$aKuck,$bDavid J. 702 1$aLawrie,$bDuncan 702 1$aSameh,$bAhmed 801 0$aIT$bUNIPARTHENOPE$c20081007$gRICA$2UNIMARC 912 $a000017077 951 $aM 004/13$bM 932$cDSA$d2008 996 $aHigh speed computer and algorithm organization$956184 997 $aUNIPARTHENOPE